000 01284cam a22001814a 4500
005 20250605164355.0
008 250528s ||||||||||||||||||||||||d
035 _a24307
040 _aGR-AtMCL
_bgre
_dGR-AtMCL
_eAACR2
245 1 _aΕυρωπαϊκό Ινστιτούτο Καινοτομίας και Τεχνολογίας (ΕΙΤ) / Συνδετικός Κρίκος Εκπαίδευσης και Έρευνας και Επιχειρηματικότητας
260 _bΚαινοτομία Έρευνα Και Τεχνολογία,
_c2016
300 _a32
520 _aΝέα Μελέτη για τις Επιδόσεις των Ελληνικών Περιφερειών σε Έρευνα και Ανάπτυξη και Καινοτομία, Υπηρεσία Open Book Press από το ΕΚΤ για Ηλεκτρονικά Βιβλία Ανοικτής Πρόσβασης, Πέντε Έλληνες Ερευνητές θα Χρηματοδοτηθούν από το Ευρωπαϊκό Συμβούλιο Έρευνας, Body Up Evolution: Μία Ελληνική Ιστορία Επιτυχίας με τη Βοήθεια του Entreprise Europe Network - Hellas.
700 1 _aΣαχίνη Εύη
_99352
942 _cCR
999 _c9196
_d9196